00378nam a2200109Ia 4500082000800000245001500008100008300023942000700106008004100113999001900154952009500173 aLIN 0aSkemeruur  a LINGUA, Susanna M. (Susanna Myburgh) Pretoria, 1992 Grootdrukuitg 914684 cBK210817s9999 xx 000 0 und d c171948d171947 00104070aFUNDLbFUNDLd2021-08-18g37.90l0p33228014256828r2021-08-18w2021-08-18yBK